A cserkésztörvény tíz pontja - Statistics

General Stats
  • This quiz has been taken 8 times
  • The average score is 8 of 10
Answer Stats
Sorszám Válasz % Correct
1. A cserkész egyeneslelkű és feltétlenül igazat mond.
100%
3. A cserkész ahol tud segít.
80%
2. A cserkész híven teljesíti kötelességeit, amelyekkel Istennek, hazájának, és embertársainak tartozik.
80%
5. A cserkész másokkal szemben gyöngéd, magával szemben szigorú.
80%
4. A cserkész minden cserkészt testvérének tekint.
80%
6. A cserkész szereti a természetet, jó az állatokhoz, és kíméli a növényeket.
80%
9. A cserkész takarékos.
80%
10. A cserkész testben és lélekben tiszta.
80%
8. A cserkész vidám és meggondolt.
80%
7. A cserkész feljebbvalóinak jó lélekkel, és készségesen engedelmeskedik.
60%
No matching quizzes found
Score Distribution
Percent of People with Each Score
Percentile by Number Answered
Your Score History
You have not taken this quiz